000 00643nam a2200253Ia 4500
005 20260121155720.0
008 008 260114s9999 xx 000 0 eng d
020 _a9781315599977
037 _aEBOOK
040 _aCRL
040 _beng
040 _cCRL
041 _2eng
041 _aeng
084 _qCRL
100 _a Wendy Heller; Eleonora Stoppino
_91022943
245 0 _aPerforming Homer: The Voyage of Ulysses from Epic to Opera
260 _bTaylor and Francis
260 _c2019
856 _uhttp://www.taylorfrancis.com/books/9781315599977
942 _cEBOOK
999 _c1589762
_d1589762